Normal view
MARC view
- Khan, Muhammad Yasin
Entry Personal Name
001 - CONTROL NUMBER
- control field: 109086
003 - CONTROL NUMBER IDENTIFIER
- control field: NUST
005 - DATE AND TIME OF LATEST TRANSACTION
- control field: 20230215123735.0
008 - FIXED-LENGTH DATA ELEMENTS
- fixed length control field: 230215|| aca||aabn | a|a d
040 ## - CATALOGING SOURCE
- Original cataloging agency: NUST
- Transcribing agency: NUST
100 ## - HEADING--PERSONAL NAME
- Personal name: Khan, Muhammad Yasin
670 ## - SOURCE DATA FOUND
- Source citation: Work cat.: (NUST)187958: Khan, Muhammad Yasin, Islamiat Mutala-e-Pakistan /
